000 00865aam a2200253 a 4500
001 015408564
003 Uk
005 20131009143706.0
008 091214s2010 njua b 001 0 eng
010 _a2009050975
020 _a9780470559901 (hbk.) :
020 _a047055990X (hbk.) :
082 0 0 _a658.4038
_222
_bLEI
100 1 _aLeistner, Frank.
_934008
245 1 0 _aMastering organizational knowledge flow :
_bhow to make knowledge sharing work /
_cFrank Leistner.
260 _aHoboken, N.J. :
_bWiley ;
_aChichester :
_bJohn Wiley [distributor],
_cc2010.
300 _axx, 183 p. :
_bill. ;
_c24 cm.
490 1 _aWiley & SAS business series
504 _aIncludes bibliographical references and index.
650 0 _aKnowledge management.
_934009
653 _bBus
_cOctober2013
690 7 _aManagement and Business Studies
_2blcoll
942 _2ddc
_cBB
999 _c17629
_d17601